[Event "SF Werden - SF Buer"]
[Site "?"]
[Date "2019.01.20"]
[Round "5"]
[White "Anderssen, Knut"]
[Black "Claussen, Uwe"]
[Result "0-1"]
[WhiteElo "1924"]
[BlackElo "2005"]
[PlyCount "62"]

1. d4 b6 2. c4 e6 3. Nc3 Bb7 4. e4 Bb4 5. Bd3 f5 6. d5 fxe4 7. Bxe4 Nf6 8. Bf3
Bxc3+ 9. bxc3 exd5 10. cxd5 d6 11. Ne2 Nbd7 12. Bg5 Ne5 13. Be4 h6 14. Bxf6
Qxf6 15. O-O O-O 16. Nd4 Ba6 17. Ne6 Bxf1 18. Nxf8 Rxf8 19. Qxf1 Qf4 20. Re1
Ng4 21. g3 Qd2 22. Re2 Qxc3 23. Rc2 Qd4 24. Qd3 Qa1+ 25. Kg2 Qe1 26. Re2 Rxf2+
27. Rxf2 Qxf2+ 28. Kh3 h5 29. Kh4 Qf6+ 30. Kxh5 Ne5 31. Qd2 g6+ 0-1

[Event "SF Werden - SF Buer"]
[Site "?"]
[Date "2019.01.20"]
[Round "5"]
[White "Hütte, Stefan"]
[Black "Seppelfricke, Guido"]
[Result "1-0"]
[WhiteElo "2013"]
[BlackElo "1866"]
[PlyCount "79"]

1. d4 d5 2. Bg5 h6 3. Bh4 Bf5 4. e3 Nd7 5. Bd3 Bxd3 6. Qxd3 Ngf6 7. Bxf6 gxf6
8. c4 c6 9. cxd5 cxd5 10. Nc3 e6 11. Nf3 Bb4 12. O-O a6 13. Ne2 Bd6 14. e4 Qa5
15. a3 O-O-O 16. b4 dxe4 17. Qc2+ Qc7 18. Qxe4 Kb8 19. Rfc1 Qb6 20. a4 f5 21.
Qd3 Bxb4 22. a5 Qd6 23. Qb3 Nf6 24. Rcb1 Nd5 25. Ne5 Qe7 26. Nc1 Rc8 27. Ncd3
Bd6 28. Nc4 Rhd8 29. Nxd6 Rxd6 30. Nc5 Rc7 31. Ra2 Ka7 32. Rab2 b5 33. axb6+
Rxb6 34. Qa4 Rxc5 35. dxc5 Qxc5 36. Qd7+ Ka8 37. Qe8+ Ka7 38. Qxf7+ Ka8 39.
Rxb6 Nxb6 40. Qxe6 1-0

[Event "SF Werden - SF Buer"]
[Site "?"]
[Date "2019.01.20"]
[Round "5"]
[White "Kreitling, Oliver"]
[Black "Rehfeldt, Jens"]
[Result "0-1"]
[WhiteElo "1824"]
[BlackElo "1929"]
[PlyCount "58"]

1. Nf3 d5 2. c4 d4 3. d3 Nc6 4. g3 e5 5. Bg2 Bb4+ 6. Nbd2 a5 7. a3 Be7 8. Ne4
f5 9. Neg5 h6 10. Nh3 Nf6 11. Nd2 O-O 12. f4 e4 13. O-O Ng4 14. dxe4 Ne3 15.
Qb3 a4 16. Qd3 Nxf1 17. Kxf1 fxe4 18. Qxe4 Bf5 19. Qd5+ Kh8 20. Qxd8 Raxd8 21.
Nf2 Na5 22. Nd3 Bxd3 23. exd3 g5 24. Kg1 gxf4 25. gxf4 Bd6 26. Ne4 Nb3 27. Nxd6
Nxa1 28. Nxb7 Nb3 29. Nxd8 Rxd8 0-1

[Event "SF Werden - SF Buer"]
[Site "?"]
[Date "2019.01.20"]
[Round "5"]
[White "Brixius, Dirk"]
[Black "Mucks, Markus"]
[Result "1-0"]
[WhiteElo "1775"]
[BlackElo "1125"]
[PlyCount "73"]

1. c4 g6 2. d4 Bg7 3. Nc3 b6 4. Nf3 Bb7 5. Bf4 Bxf3 6. gxf3 Nf6 7. e4 Nh5 8.
Be3 e6 9. Be2 c6 10. e5 Qh4 11. Qd2 h6 12. Ne4 a5 13. O-O-O Na6 14. Nd6+ Ke7
15. Rhg1 Nc7 16. f4 Ne8 17. Ne4 d6 18. Bf3 Rc8 19. Rg4 Qxh2 20. Rh1 Qxh1+ 21.
Bxh1 d5 22. cxd5 cxd5+ 23. Nc3 Nc7 24. Kb1 Kd7 25. Bf3 Bf8 26. Na4 Bb4 27. Qd1
Na8 28. a3 Be7 29. Be2 Kd8 30. Qb3 Rb8 31. Bd2 Kc7 32. Rg1 Rhc8 33. Ba6 Rd8 34.
Rc1+ Bc5 35. dxc5 bxc5 36. Bxa5+ Kd7 37. Nxc5+ 1-0

[Event "SV Hamm 1 - SF Brackel 3"]
[Site "Verbandsliga - Gruppe 2 2018/"]
[Date "2019.01.20"]
[Round "5.1"]
[White "Stemmler, Fabian"]
[Black "Spyrou, Emmanouil"]
[Result "1/2-1/2"]
[WhiteElo "2080"]
[BlackElo "2149"]
[PlyCount "111"]
[EventDate "2019.??.??"]

1. d4 g6 2. c4 Nf6 3. Nc3 Bg7 4. e4 d6 5. Be2 O-O 6. Be3 e5 7. d5 a5 8. Qd2 Na6
9. f3 Nc5 10. g4 h5 11. Nh3 hxg4 12. Nf2 Nh5 13. fxg4 Nf4 14. O-O-O Qh4 15.
Rdf1 Bh6 16. Bf3 Kg7 17. Kb1 Bd7 18. Ne2 Rae8 19. Nxf4 Bxf4 20. Bxf4 exf4 21.
Qxa5 Ra8 22. Qc3+ f6 23. Nd3 Nxd3 24. Qxd3 g5 25. h3 b6 26. Qc2 Rh8 27. Qf2 Rh6
28. Bg2 Qxf2 29. Rxf2 Rah8 30. Rc1 Ra8 31. Rf3 Rhh8 32. Rfc3 Rhb8 33. a3 Kf7
34. Kc2 Ke7 35. Kd2 Ra7 36. Ke2 Raa8 37. Kf3 Rh8 38. Rh1 Rh4 39. b4 Rah8 40.
Rhc1 Rb8 41. Bf1 Rhh8 42. c5 bxc5 43. bxc5 dxc5 44. Rxc5 Rb3+ 45. R1c3 Rxc3+
46. Rxc3 Kd6 47. Rb3 Ba4 48. Rb4 Ra8 49. Kf2 Ra7 50. Bd3 Ke5 51. Ke2 Bd7 52.
Rb3 Kd4 53. Kd2 Be8 54. Rb4+ Ke5 55. Rb8 Bd7 56. Rb3 1/2-1/2

[Event "SV Hamm 1 - SF Brackel 3"]
[Site "Verbandsliga - Gruppe 2 2018/"]
[Date "2019.01.20"]
[Round "5.2"]
[White "Voss, Hubertus"]
[Black "Gerlach, Felix"]
[Result "1-0"]
[WhiteElo "2081"]
[BlackElo "2066"]
[PlyCount "101"]
[EventDate "2019.??.??"]

1. e4 e5 2. Nf3 Nc6 3. d4 exd4 4. Bc4 Bc5 5. c3 Nf6 6. e5 d5 7. Bb5 Ne4 8. cxd4
Bb6 9. Be3 O-O 10. Bxc6 bxc6 11. Qc2 Bd7 12. O-O f6 13. exf6 Qxf6 14. Ne5 Be8
15. Nd2 Nxd2 16. Qxd2 h6 17. Qc3 Rd8 18. b4 Rd6 19. a4 a6 20. a5 Ba7 21. Qd3 c5
22. bxc5 Bb5 23. Qc3 Re6 24. Rfe1 Rd8 25. f4 c6 26. Ra2 Bb8 27. Rf2 Re7 28. Qc2
Bc7 29. Bd2 Rde8 30. Re3 Re6 31. Rg3 Rf8 32. Bc3 Rfe8 33. f5 Bxe5 34. fxe6 Bxd4
35. Bxd4 Qxd4 36. h3 Rxe6 37. Qf5 Re1+ 38. Kh2 Qa1 39. Qf8+ Kh7 40. Qf5+ Kg8
41. Qf8+ Kh7 42. Rxg7+ Qxg7 43. Rf7 Qxf7 44. Qxf7+ Kh8 45. Qg6 Re7 46. Qxh6+
Kg8 47. Qg6+ Rg7 48. Qd6 Kh7 49. g4 Rg6 50. Qd7+ Kg8 51. Kg3 1-0

[Event "SV Hamm 1 - SF Brackel 3"]
[Site "Verbandsliga - Gruppe 2 2018/"]
[Date "2019.01.20"]
[Round "5.3"]
[White "Garbuz, Vitaliy"]
[Black "Schlaap, Ralf"]
[Result "0-1"]
[WhiteElo "2062"]
[BlackElo "2039"]
[PlyCount "46"]
[EventDate "2019.??.??"]

1. e4 c5 2. d4 cxd4 3. c3 dxc3 4. Nxc3 Nc6 5. Nf3 e6 6. Bc4 a6 7. O-O Nge7 8.
Bg5 f6 9. Be3 b5 10. Bb3 Ng6 11. Nd5 exd5 12. exd5 Nce5 13. Nxe5 fxe5 14. d6
Qf6 15. Bd5 Rb8 16. Ba7 Bxd6 17. Bxb8 Bxb8 18. Rc1 Ke7 19. Rc3 Nf4 20. Qc2 Nxd5
21. Rxc8 Rxc8 22. Qxc8 Ba7 23. Qc2 Ne3 0-1

[Event "SV Hamm 1 - SF Brackel 3"]
[Site "Verbandsliga - Gruppe 2 2018/"]
[Date "2019.01.20"]
[Round "5.4"]
[White "Dukic, Dalibor"]
[Black "Kartsev, Nikolay"]
[Result "0-1"]
[WhiteElo "2030"]
[BlackElo "1953"]
[PlyCount "104"]
[EventDate "2019.??.??"]

1. c4 b6 2. Nc3 c5 3. Nf3 g6 4. d4 Bg7 5. e4 d6 6. h3 Nc6 7. Be3 e5 8. dxe5
dxe5 9. Qxd8+ Kxd8 10. Bd3 h6 11. Nd2 Be6 12. b3 f5 13. f3 Nge7 14. a3 Nd4 15.
O-O Nec6 16. Rab1 f4 17. Bf2 Ke7 18. b4 cxb4 19. axb4 Rhc8 20. Rfc1 Kf7 21. Nd5
Bf8 22. c5 bxc5 23. bxc5 Rab8 24. Ba6 Rxb1 25. Rxb1 Rb8 26. Bb7 Na5 27. Bxd4
Rxb7 28. Rxb7+ Nxb7 29. c6 Na5 30. Bxa7 Nxc6 31. Bb6 Bxd5 32. exd5 Nb4 33. Bc7
Bc5+ 34. Kf1 Nxd5 35. Bxe5 Ne3+ 36. Ke2 Nxg2 37. Kd3 g5 38. Ke4 Kg6 39. Bc3 Bf8
40. Nc4 Kh5 41. Nb6 Kh4 42. Nd7 Be7 43. Bg7 h5 44. Bf6 Bxf6 45. Nxf6 Ne1 46.
Nh7 Kxh3 47. Nxg5+ Kg3 48. Ne6 h4 49. Nxf4 Ng2 50. Nh5+ Kf2 51. Nf6 h3 52. Kf5
Kxf3 0-1

[Event "SV Hamm 1 - SF Brackel 3"]
[Site "Verbandsliga - Gruppe 2 2018/"]
[Date "2019.01.20"]
[Round "5.5"]
[White "Elier, Ali"]
[Black "Hufelschulte, Norbert"]
[Result "1-0"]
[WhiteElo "1997"]
[BlackElo "2013"]
[PlyCount "45"]
[EventDate "2019.??.??"]

1. e4 c5 2. d4 cxd4 3. c3 dxc3 4. Nxc3 d6 5. Nf3 e6 6. Bc4 a6 7. O-O Ne7 8. Bg5
h6 9. Be3 Ng6 10. Nd4 Ne5 11. Bb3 Nbc6 12. f4 Nxd4 13. Bxd4 Nc6 14. f5 Nxd4 15.
Qxd4 Qc7 16. Na4 b5 17. Rac1 Qb7 18. Nb6 Rb8 19. Nxc8 Rxc8 20. fxe6 f6 21. Qd5
Qb6+ 22. Kh1 Rc5 23. Rxc5 1-0

[Event "SV Hamm 1 - SF Brackel 3"]
[Site "Verbandsliga - Gruppe 2 2018/"]
[Date "2019.01.20"]
[Round "5.6"]
[White "Vierbuchen, Joachim"]
[Black "Seref, Erdogan"]
[Result "0-1"]
[WhiteElo "1908"]
[BlackElo "1947"]
[PlyCount "70"]
[EventDate "2019.??.??"]

1. d4 Nf6 2. c4 e6 3. Nc3 Bb4 4. e3 O-O 5. Bd3 d5 6. Nge2 dxc4 7. Bxc4 c5 8.
O-O Nc6 9. dxc5 Bxc5 10. a3 Ne5 11. Ba2 b6 12. Qxd8 Rxd8 13. b4 Be7 14. Nd4 Bb7
15. f4 Nd3 16. Bd2 Nxf4 17. Rxf4 e5 18. Rxf6 Bxf6 19. Nb3 Rac8 20. Rc1 Bg5 21.
Kf2 Rd7 22. Bb1 f5 23. g3 g6 24. h4 Bh6 25. Ke1 Rcd8 26. Ke2 Ba6+ 27. b5 Bb7
28. Be1 f4 29. gxf4 exf4 30. Ne4 Re7 31. Rc4 fxe3 32. Bb4 Re6 33. Bc3 Bd5 34.
Rd4 Bg7 35. Rd1 Bc4+ 0-1

[Event "SV Hamm 1 - SF Brackel 3"]
[Site "Verbandsliga - Gruppe 2 2018/"]
[Date "2019.01.20"]
[Round "5.7"]
[White "Schaede, Maximilian"]
[Black "Woertler, Lars-Erik"]
[Result "0-1"]
[WhiteElo "1839"]
[BlackElo "1869"]
[PlyCount "78"]
[EventDate "2019.??.??"]

1. d4 Nf6 2. Bg5 c5 3. d5 e5 4. c4 d6 5. Nc3 Be7 6. e4 Nxd5 7. Qxd5 Bxg5 8. Rd1
Be7 9. Nb5 Qa5+ 10. Qd2 Qxd2+ 11. Rxd2 Kd7 12. g3 Kc6 13. f4 f6 14. Nf3 Na6 15.
Bg2 Nc7 16. Nc3 Ne6 17. Nd5 Bd8 18. b4 a6 19. O-O b6 20. Bh3 Nd4 21. Bxc8 Rxc8
22. Kg2 Kd7 23. Rc1 Bc7 24. Nh4 Bd8 25. Rd3 Re8 26. Re3 Rb8 27. a3 Rf8 28. f5
Bc7 29. g4 Rfc8 30. Nf3 Bd8 31. h4 b5 32. cxb5 Rxb5 33. Kf2 Rbb8 34. Rec3 Nb5
35. Re3 cxb4 36. Rxc8 Rxc8 37. Nxb4 Bb6 38. a4 Nc3 39. Nd2 Nd1+ 0-1

[Event "SV Hamm 1 - SF Brackel 3"]
[Site "Verbandsliga - Gruppe 2 2018/"]
[Date "2019.01.20"]
[Round "5.8"]
[White "Brieger, Sebastian"]
[Black "Birnkraut, Tim"]
[Result "1/2-1/2"]
[WhiteElo "1762"]
[BlackElo "1917"]
[Annotator "Daniel"]
[PlyCount "134"]
[EventDate "2019.??.??"]

1. e4 e5 2. Nf3 Nc6 3. d4 exd4 4. Bc4 Nf6 5. e5 d5 6. Bb5 Ne4 7. Nxd4 Bd7 8.
Bxc6 bxc6 9. O-O Bc5 10. Be3 Qe7 11. f3 Nd6 12. Bc1 Qxe5 13. Re1 Bxd4+ 14. Kh1
Ne4 15. fxe4 O-O 16. c3 Bf2 17. Rf1 Bb6 18. exd5 Qxd5 19. Bf4 Qxd1 20. Rxd1 Bg4
21. Re1 Rfe8 22. Nd2 Be2 23. Bg3 Rad8 24. Nf3 Bxf3 25. gxf3 Rxe1+ 26. Rxe1 Kf8
27. Re2 $11 f6 28. Kg2 Rd7 29. b3 Kf7 30. c4 Bc5 31. Bf4 Bd6 32. Bg3 Re7 33.
Rd2 Bxg3 34. hxg3 Ke6 35. Kf2 Rd7 36. Re2+ Kd6 37. Rd2+ Ke7 38. Re2+ Kd8 39. g4
Kc8 40. Kg3 Kd8 41. Rh2 g6 42. Re2 Re7 43. Rd2+ Ke8 44. Rh2 c5 45. Rd2 Rd7 46.
Rh2 c6 47. Re2+ Kf7 48. Rh2 Ke6 49. Re2+ Kd6 50. Rd2+ Kc7 51. Re2 Rf7 52. Re6
Kd7 53. Re2 f5 54. g5 Re7 55. Rd2+ Kc7 56. Kf4 Kb6 57. Rd6 a5 58. a4 Re1 59.
Rd7 Rh1 60. Re7 h6 61. gxh6 Rxh6 62. Kg5 Rh3 63. Re3 Rg3+ 64. Kf4 Rg2 65. Rd3
Kc7 66. Ke5 Rg3 67. Kf4 Rg2 1/2-1/2

[Event "SC Werl 1981 1 - Rochade Steele/Kray 2"]
[Site "Verbandsklasse - Gruppe 1 201"]
[Date "2019.01.20"]
[Round "5.1"]
[White "Ghajar Koshravi, Ariaan"]
[Black "Schwarzkopf, Christian"]
[Result "0-1"]
[WhiteElo "1835"]
[BlackElo "2041"]
[PlyCount "52"]
[EventDate "2019.??.??"]

1. e4 d6 2. d4 Nf6 3. Nc3 g6 4. f3 c6 5. Be3 Nbd7 6. Qd2 Qa5 7. Bc4 b5 8. Bb3
Rb8 9. e5 dxe5 10. dxe5 Nxe5 11. Bf4 Nfd7 12. O-O-O Bg7 13. h4 h5 14. Nh3 O-O
15. Ng5 Nc5 16. Rhe1 Nxb3+ 17. cxb3 b4 18. Na4 Rb5 19. Ne4 Bf5 20. Bh6 Rd5 21.
Qe3 Nd3+ 22. Rxd3 Rxd3 23. Qg5 Bxh6 24. Qxh6 Bxe4 25. Rxe4 Qd5 26. Re1 Rd8 0-1

[Event "SC Werl 1981 1 - Rochade Steele/Kray 2"]
[Site "Verbandsklasse - Gruppe 1 201"]
[Date "2019.01.20"]
[Round "5.2"]
[White "Karmainski, Andreas"]
[Black "Ophoven, Hermann"]
[Result "1-0"]
[WhiteElo "2116"]
[BlackElo "1718"]
[PlyCount "65"]
[EventDate "2019.??.??"]

1. e4 g6 2. d4 Bg7 3. Nc3 c6 4. Bc4 d6 5. Nf3 e6 6. O-O Nf6 7. Bf4 d5 8. Bd3
dxe4 9. Nxe4 Nbd7 10. Nd6+ Kf8 11. Ng5 Nd5 12. Qf3 Qf6 13. Be3 Qxf3 14. Nxf3
Ke7 15. Nxc8+ Rhxc8 16. Bd2 Kf8 17. c4 N5f6 18. Rac1 Kg8 19. h3 c5 20. Be3 cxd4
21. Nxd4 Ne8 22. Rfd1 Nc5 23. Be2 Rab8 24. b3 b6 25. Bf3 Rc7 26. Nb5 Re7 27.
Rd2 a6 28. Nd4 Rc7 29. Rcd1 Bf6 30. g4 Kg7 31. g5 Be7 32. Bf4 Bd6 33. Bxd6 1-0

[Event "SC Werl 1981 1 - Rochade Steele/Kray 2"]
[Site "Verbandsklasse - Gruppe 1 201"]
[Date "2019.01.20"]
[Round "5.3"]
[White "Struschka, Andreas"]
[Black "Stolle, Dietmar"]
[Result "0-1"]
[WhiteElo "1922"]
[BlackElo "2008"]
[PlyCount "76"]
[EventDate "2019.??.??"]

1. e4 c5 2. Nc3 Nc6 3. g3 g6 4. d3 Bg7 5. Bg2 d6 6. Nge2 e6 7. Be3 Nd4 8. Qd2
Qa5 9. O-O Ne7 10. a3 Nec6 11. Rab1 O-O 12. f4 f5 13. h4 Bd7 14. Nc1 Rab8 15.
Qf2 b5 16. Nd1 b4 17. axb4 cxb4 18. b3 Nb5 19. exf5 gxf5 20. Nb2 d5 21. Na4 Na3
22. Ne2 Nxb1 23. Rxb1 Rfc8 24. Kh2 Nd8 25. Nc5 Bb5 26. Ng1 Qa2 27. Rd1 d4 28.
Bxd4 Bxd4 29. Qxd4 Qxc2 30. Re1 Qxc5 31. Qf6 Qf8 32. Qd4 Qg7 33. Qf2 Bxd3 34.
Nf3 Rc2 35. Qe3 Be4 36. Re2 Rbc8 37. Ng5 Rxe2 38. Qxe2 Rc2 0-1

[Event "SC Werl 1981 1 - Rochade Steele/Kray 2"]
[Site "Verbandsklasse - Gruppe 1 201"]
[Date "2019.01.20"]
[Round "5.4"]
[White "Vieweger, Torsten"]
[Black "Hilse, Dieter"]
[Result "1-0"]
[WhiteElo "1892"]
[BlackElo "1678"]
[PlyCount "59"]
[EventDate "2019.??.??"]

1. d4 d5 2. Nf3 Nf6 3. Bf4 e6 4. e3 Bd6 5. Bg5 h6 6. Bh4 Nbd7 7. Bd3 Be7 8.
Nbd2 c5 9. c3 c4 10. Bc2 a6 11. Qe2 b5 12. a3 Bb7 13. Bxf6 Nxf6 14. Ne5 O-O 15.
g4 Nd7 16. Ndf3 Nxe5 17. Nxe5 Bf6 18. Nf3 Re8 19. h4 g6 20. g5 hxg5 21. h5 gxh5
22. Rxh5 Kf8 23. O-O-O Ke7 24. Nxg5 Bxg5 25. Rxg5 Rg8 26. Rh5 Rg7 27. e4 Kd7
28. exd5 Bxd5 29. Be4 Bc6 30. d5 1-0

[Event "SC Werl 1981 1 - Rochade Steele/Kray 2"]
[Site "Verbandsklasse - Gruppe 1 201"]
[Date "2019.01.20"]
[Round "5.5"]
[White "Niemann, Walter"]
[Black "Brunberg, Ingo"]
[Result "0-1"]
[WhiteElo "1714"]
[BlackElo "1801"]
[PlyCount "54"]
[EventDate "2019.??.??"]

1. d4 Nf6 2. Nf3 g6 3. c4 Bg7 4. b3 c5 5. Bb2 O-O 6. e3 d6 7. Bd3 Nc6 8. a3 Bg4
9. h3 Bxf3 10. gxf3 cxd4 11. exd4 Nh5 12. Be4 Qb6 13. Bxc6 bxc6 14. b4 Rfd8 15.
Qd2 Rab8 16. O-O a5 17. Bc3 axb4 18. axb4 Qc7 19. b5 cxb5 20. Ba5 Qxc4 21. Bxd8
Rxd8 22. Qe3 Bxd4 23. Qxe7 Bf6 24. Qa7 Bxa1 25. Qxa1 Qc5 26. Qc3 Nf4 27. Kh2
Qh5 0-1

[Event "SC Werl 1981 1 - Rochade Steele/Kray 2"]
[Site "Verbandsklasse - Gruppe 1 201"]
[Date "2019.01.20"]
[Round "5.6"]
[White "Scheibe, Andreas"]
[Black "Abdullah, Abdullah"]
[Result "1-0"]
[WhiteElo "1788"]
[BlackElo "1697"]
[PlyCount "60"]
[EventDate "2019.??.??"]

1. e4 c6 2. d4 d5 3. Nc3 e6 4. Nf3 Bb4 5. e5 c5 6. Be2 cxd4 7. Qxd4 Bxc3+ 8.
Qxc3 Bd7 9. O-O Nc6 10. Bg5 Nge7 11. Rad1 h6 12. Bh4 O-O 13. Qa3 g5 14. Nxg5
hxg5 15. Bxg5 Qe8 16. Bf6 Ng6 17. Qg3 Nce7 18. h4 Nf5 19. Qg4 Nh6 20. Qh5 Kh7
21. Bg5 Rh8 22. Bxh6 Kg8 23. Qg5 Qe7 24. h5 Qxg5 25. Bxg5 Nf8 26. Bf6 Rh6 27.
Rd3 Nh7 28. Rg3+ Kf8 29. Bg7+ Ke7 30. Bxh6 f5 1-0

[Event "SC Werl 1981 1 - Rochade Steele/Kray 2"]
[Site "Verbandsklasse - Gruppe 1 201"]
[Date "2019.01.20"]
[Round "5.7"]
[White "Kleeberg, Stefan"]
[Black "Zimmer, Sebastian"]
[Result "0-1"]
[WhiteElo "1554"]
[BlackElo "1674"]
[PlyCount "90"]
[EventDate "2019.??.??"]

1. d4 Nf6 2. c4 g6 3. Nc3 Bg7 4. e4 d6 5. f3 O-O 6. Be3 Nbd7 7. Bd3 c5 8. d5 a6
9. Qd2 Re8 10. Rb1 Ne5 11. Nge2 e6 12. Nf4 exd5 13. Nfxd5 Nxd5 14. Nxd5 f5 15.
b3 Nxd3+ 16. Qxd3 fxe4 17. fxe4 Qh4+ 18. g3 Qxe4 19. Qxe4 Rxe4 20. Kd2 Bf5 21.
Rbe1 b5 22. cxb5 axb5 23. Nc3 Bxc3+ 24. Kxc3 Rxa2 25. Bxc5 dxc5 26. Rxe4 Bxe4
27. Rc1 Rxh2 28. b4 c4 29. Kd4 Bd3 30. Kc5 Rh5+ 31. Kd4 Rg5 32. Re1 Kf7 33. Re3
Kf6 34. Rf3+ Ke6 35. Re3+ Kd6 36. Rf3 Rg4+ 37. Kc3 Ke5 38. Re3+ Re4 39. Rf3 h5
40. Rf7 Ke6 41. Rb7 Re5 42. Kd4 Rd5+ 43. Kc3 Be4 44. Rb6+ Kf5 45. Rb8 Kg4 0-1

[Event "SC Werl 1981 1 - Rochade Steele/Kray 2"]
[Site "Verbandsklasse - Gruppe 1 201"]
[Date "2019.01.20"]
[Round "5.8"]
[White "Bergmann, Ricardo"]
[Black "Jahrke, Lothar"]
[Result "1-0"]
[WhiteElo "1740"]
[BlackElo "1743"]
[PlyCount "81"]
[EventDate "2019.??.??"]

1. c4 Nf6 2. Nc3 g6 3. g3 Bg7 4. Bg2 c6 5. e4 O-O 6. d4 d6 7. Be3 Ng4 8. Nh3
Nxe3 9. fxe3 Qb6 10. Qb3 Qa5 11. O-O Nd7 12. Rad1 Rb8 13. a3 a6 14. Qa2 Nf6 15.
b4 Qh5 16. Nf4 Qh6 17. Qe2 e5 18. Nd3 Ng4 19. Bf3 Nxe3 20. d5 Nxf1 21. Rxf1
cxd5 22. Nxd5 Be6 23. c5 Bxd5 24. exd5 f5 25. Bg2 e4 26. Nf4 dxc5 27. Qc4 Bd4+
28. Kh1 b5 29. Qc2 Rfd8 30. bxc5 g5 31. Ne6 Rxd5 32. Nxd4 Rxd4 33. Rxf5 Rc4 34.
Qd2 Rf8 35. Rxg5+ Kh8 36. Rg8+ Kxg8 37. Qxh6 Re8 38. Bh3 Rxc5 39. Be6+ Rxe6 40.
Qxe6+ Kg7 41. Qe7+ 1-0

[Event "SV Wattenscheid 3 - Sport Union Annen 1"]
[Site "Verbandsklasse - Gruppe 1 201"]
[Date "2019.01.20"]
[Round "5.1"]
[White "Mainka, Gregor"]
[Black "Leveikina, Jevgenija"]
[Result "1-0"]
[WhiteElo "2187"]
[BlackElo "2035"]
[PlyCount "65"]
[EventDate "2019.??.??"]

1. Nf3 d5 2. e3 Nf6 3. c4 c6 4. Nc3 e6 5. b3 Nbd7 6. Be2 Bd6 7. O-O O-O 8. d4
dxc4 9. bxc4 e5 10. Qb3 exd4 11. exd4 Qc7 12. c5 Bf4 13. Bxf4 Qxf4 14. g3 Qf5
15. Rfe1 b6 16. Nh4 Qh3 17. Bf1 Qg4 18. cxb6 Nxb6 19. Rad1 Be6 20. Qa3 Nc4 21.
Qc1 Bd5 22. h3 Qd7 23. Na4 Nd6 24. Nc5 Qd8 25. a4 Rb8 26. Bg2 Rb4 27. Qd2 a5
28. Bxd5 cxd5 29. Qf4 Nde4 30. Nf5 Nxc5 31. Qg5 Nh5 32. Nh6+ Kh8 33. Nxf7+ 1-0

[Event "SV Wattenscheid 3 - Sport Union Annen 1"]
[Site "Verbandsklasse - Gruppe 1 201"]
[Date "2019.01.20"]
[Round "5.2"]
[White "Wolf, Ulrich"]
[Black "Wicht, Juergen"]
[Result "1/2-1/2"]
[WhiteElo "2029"]
[BlackElo "2001"]
[PlyCount "39"]
[EventDate "2019.??.??"]

1. Nf3 Nf6 2. c4 c6 3. Nc3 d5 4. d4 e6 5. Bg5 Be7 6. e3 Nbd7 7. Qc2 O-O 8. Bd3
Re8 9. O-O Nf8 10. Rab1 N6d7 11. Bf4 dxc4 12. Bxc4 Ng6 13. Bg3 Nb6 14. Bd3 Bd6
15. Bxd6 Qxd6 16. Rfd1 Nd7 17. e4 e5 18. d5 Qf6 19. dxc6 bxc6 20. Ne2 1/2-1/2

[Event "SV Wattenscheid 3 - Sport Union Annen 1"]
[Site "Verbandsklasse - Gruppe 1 201"]
[Date "2019.01.20"]
[Round "5.3"]
[White "Sondermann, Dirk"]
[Black "Thelen, Thomas"]
[Result "0-1"]
[WhiteElo "1872"]
[BlackElo "1979"]
[PlyCount "70"]
[EventDate "2019.??.??"]

1. d4 Nf6 2. Nf3 e6 3. Bf4 c5 4. e3 b6 5. Nc3 a6 6. d5 d6 7. dxe6 Bxe6 8. Ng5
Be7 9. Nxe6 fxe6 10. g4 O-O 11. g5 Ne8 12. h4 d5 13. Qg4 d4 14. Qxe6+ Kh8 15.
O-O-O Ra7 16. Ne2 Bd6 17. Bxd6 Nxd6 18. exd4 Re7 19. Qg4 Ne4 20. Rh2 Nxf2 21.
Rxf2 Rxf2 22. Ng3 Qd7 23. Qxd7 Rxd7 24. d5 Rf4 25. Bh3 Rd8 26. Be6 Nd7 27. h5
Nf8 28. Re1 Nxe6 29. Rxe6 Kg8 30. g6 hxg6 31. hxg6 Rf3 32. Ne4 Rxd5 33. b3 Rf4
34. Rxb6 Re5 35. Rb8+ Rf8 0-1

[Event "SV Wattenscheid 3 - Sport Union Annen 1"]
[Site "Verbandsklasse - Gruppe 1 201"]
[Date "2019.01.20"]
[Round "5.4"]
[White "Peter, Thomas"]
[Black "Hartung, Thomas"]
[Result "1/2-1/2"]
[WhiteElo "2085"]
[BlackElo "1928"]
[PlyCount "95"]
[EventDate "2019.??.??"]

1. e4 e5 2. Nf3 Nc6 3. Bb5 a6 4. Ba4 Nf6 5. O-O Nxe4 6. Re1 Nc5 7. Nxe5 Be7 8.
Bb3 Nxe5 9. Rxe5 Nxb3 10. axb3 O-O 11. Nc3 Bf6 12. Re1 d5 13. d4 Be6 14. Bf4
Qd7 15. Qd2 Rfe8 16. Bg5 Be7 17. Bxe7 Rxe7 18. Re3 Rae8 19. Rae1 Kf8 20. h3 f6
21. Nd1 Bf7 22. Qb4 b6 23. Nc3 Qd6 24. Qxd6 cxd6 25. Rxe7 Rxe7 26. Rxe7 Kxe7
27. Nd1 b5 28. Ne3 Ke6 29. Kf1 a5 30. Ke2 g5 31. c4 dxc4 32. bxc4 Be8 33. d5+
Ke5 34. Ng4+ Kf5 35. Kd3 h5 36. Nh2 g4 37. hxg4+ hxg4 38. Kd4 bxc4 39. Kxc4 Bd7
40. Nf1 Ke5 41. Ne3 f5 42. Nc2 f4 43. Nd4 a4 44. f3 g3 45. Nc6+ Kf6 46. Nd4 Ke5
47. Nc6+ Kf6 48. Nd4 1/2-1/2

[Event "SV Wattenscheid 3 - Sport Union Annen 1"]
[Site "Verbandsklasse - Gruppe 1 201"]
[Date "2019.01.20"]
[Round "5.5"]
[White "Herrmann, Uwe"]
[Black "Thon, Manfred"]
[Result "1/2-1/2"]
[WhiteElo "1886"]
[BlackElo "1838"]
[PlyCount "111"]
[EventDate "2019.??.??"]

1. d4 d5 2. Nf3 Nf6 3. c4 e6 4. Nc3 Be7 5. Bg5 O-O 6. e3 c6 7. Rc1 Nbd7 8. Bd3
dxc4 9. Bxc4 Re8 10. e4 Qa5 11. O-O b5 12. Bd3 b4 13. Qa4 Qb6 14. Nb1 Bb7 15.
Nbd2 a5 16. Nc4 Qa7 17. e5 Nd5 18. Bxe7 Nxe7 19. Nd6 Rf8 20. Be4 Ba6 21. Rfd1
Be2 22. Rd2 Bxf3 23. Bxf3 Nb6 24. Qd1 Nbd5 25. Be4 h6 26. Rdc2 Qd7 27. Rc5 f5
28. Bxd5 exd5 29. Qa4 f4 30. f3 Qa7 31. Qc2 Qd7 32. Qd3 Ra7 33. Qe2 Raa8 34.
Qd2 Ra7 35. Qe2 Raa8 36. Qd1 Ra7 37. Qa4 Rfa8 38. Qc2 Rf8 39. Qf2 Raa8 40. Qh4
Ra7 41. Qf2 Raa8 42. Qc2 Ra6 43. Qa4 Qa7 44. Kf2 Qb6 45. Qd1 Qa7 46. Qd2 Qb6
47. g3 fxg3+ 48. hxg3 Qa7 49. Qd3 Rb6 50. Rh1 Qa6 51. Qe3 Qa7 52. Rh5 a4 53. g4
Qd7 54. Ra5 a3 55. b3 Qxg4 56. Rh1 1/2-1/2

[Event "SV Wattenscheid 3 - Sport Union Annen 1"]
[Site "Verbandsklasse - Gruppe 1 201"]
[Date "2019.01.20"]
[Round "5.6"]
[White "Doehmann, Joerg"]
[Black "Al Ali, Mohammad"]
[Result "1-0"]
[WhiteElo "1717"]
[BlackElo "1819"]
[PlyCount "101"]
[EventDate "2019.??.??"]

1. d4 g6 2. Bf4 d6 3. Nc3 Bg7 4. Nf3 Nf6 5. e4 O-O 6. Qd2 d5 7. Bd3 Nc6 8. e5
Nh5 9. Bh6 Nb4 10. Bxg7 Nxd3+ 11. Qxd3 Nxg7 12. O-O-O Bf5 13. Qb5 e6 14. Qxb7
Qe7 15. Qa6 Rfb8 16. a3 Rb6 17. Qa5 Rab8 18. Na4 Rb5 19. Qc3 Nh5 20. g3 Be4 21.
Rhe1 Qe8 22. Nd2 Bf5 23. f3 R5b7 24. b3 Bh3 25. Nc5 Rb6 26. Kb2 g5 27. Ka2 g4
28. f4 Ng7 29. Re2 Nf5 30. Qd3 a5 31. a4 Rb4 32. c3 R4b6 33. Rb1 h5 34. Na6 Rc8
35. Rg1 Qc6 36. Nc5 Rcb8 37. Qc2 Qe8 38. Nb1 Qe7 39. Na3 c6 40. Rb1 Qe8 41. Qd2
Qe7 42. Nc2 Qa7 43. Rf2 Qc7 44. Ne1 Kg7 45. Ned3 Ra8 46. Rg1 Rg8 47. Re2 Rbb8
48. Ree1 Rh8 49. Qe2 Qe7 50. Nf2 Kf8 51. Na6 1-0

[Event "SV Wattenscheid 3 - Sport Union Annen 1"]
[Site "Verbandsklasse - Gruppe 1 201"]
[Date "2019.01.20"]
[Round "5.7"]
[White "Jeschke, Holger"]
[Black "Schlee, Ulrich"]
[Result "1/2-1/2"]
[WhiteElo "1892"]
[BlackElo "1715"]
[PlyCount "38"]
[EventDate "2019.??.??"]

1. b4 e5 2. Bb2 Bxb4 3. Bxe5 Nf6 4. c4 Nc6 5. Bb2 O-O 6. Nf3 d5 7. a3 Ba5 8. e3
Bg4 9. Be2 Re8 10. O-O dxc4 11. Bxc4 Qd6 12. d4 Rad8 13. Nc3 a6 14. h3 Bh5 15.
Rc1 Bxc3 16. Rxc3 Ne4 17. Rc1 Qe7 18. d5 Ng5 19. Be2 Bxf3 1/2-1/2

[Event "SV Wattenscheid 3 - Sport Union Annen 1"]
[Site "Verbandsklasse - Gruppe 1 201"]
[Date "2019.01.20"]
[Round "5.8"]
[White "Buechle, Regina"]
[Black "Weier, Daniel"]
[Result "1/2-1/2"]
[WhiteElo "1681"]
[BlackElo "1895"]
[PlyCount "53"]
[EventDate "2019.??.??"]

1. d4 d5 2. Nf3 Nf6 3. c4 e6 4. Nc3 c6 5. cxd5 exd5 6. Bg5 Be7 7. Qc2 h6 8. Bh4
Nbd7 9. e3 O-O 10. Bd3 Re8 11. O-O Ne4 12. Bxe7 Qxe7 13. Rfe1 Ndf6 14. h3 Bf5
15. Ne5 Nd7 16. Nxd7 Qxd7 17. Nxe4 dxe4 18. Bf1 Rac8 19. b4 g5 20. Qd1 Kh7 21.
Rc1 Rg8 22. g4 Be6 23. Bg2 f5 24. f3 Bd5 25. fxe4 Bxe4 26. Bxe4 fxe4 27. Rf1
1/2-1/2